Planet earth (Record no. 3724)

MARC details
000 -LEADER
fixed length control field 00586nam a22002297a 4500
001 - CONTROL NUMBER
control field 3724
003 - CONTROL NUMBER IDENTIFIER
control field FISKH
005 - DATE AND TIME OF LATEST TRANSACTION
control field 20250827082431.0
008 - FIXED-LENGTH DATA ELEMENTS--GENERAL INFORMATION
fixed length control field 240425b cb ||||| |||| 00| 0 eng d
020 ## - INTERNATIONAL STANDARD BOOK NUMBER
International Standard Book Number 9771757426009
040 ## - CATALOGING SOURCE
Original cataloging agency FISKH
Language of cataloging eng
Transcribing agency FISKH
Modifying agency FISKH
082 ## - DEWEY DECIMAL CLASSIFICATION NUMBER
Classification number 550
100 ## - MAIN ENTRY--PERSONAL NAME
Personal name Taylor, Barbara
110 ## - MAIN ENTRY--CORPORATE NAME
Corporate name or jurisdiction name as entry element Disney
245 ## - TITLE STATEMENT
Title Planet earth
260 ## - PUBLICATION, DISTRIBUTION, ETC.
Place of publication, distribution, etc. Brussels :
Name of publisher, distributor, etc. Paperview Europe,
Date of publication, distribution, etc. 2010
300 ## - PHYSICAL DESCRIPTION
Extent 57 pages :
Dimensions 26 cm
490 ## - SERIES STATEMENT
Series statement The wonderful world of knowledge
Volume/sequential designation Book 2
521 8# - TARGET AUDIENCE NOTE
Target audience note 660 <br/>
Source Lexile estimate
521 8# - TARGET AUDIENCE NOTE
Target audience note Q <br/>
Source Raz-Plus
942 ## - ADDED ENTRY ELEMENTS (KOHA)
Source of classification or shelving scheme Dewey Decimal Classification
Koha item type Books
Suppress in OPAC No
Holdings
Withdrawn status Lost status Source of classification or shelving scheme Damaged status Not for loan Collection Home library Current library Shelving location Date acquired Total Checkouts Full call number Barcode Date last seen Copy number Price effective from Koha item type
    Dewey Decimal Classification     Non-Fiction Footprints International School Library Network Toul Kork Campus Footprints International School Library Network Toul Kork Campus TK Primary Library Room(4th Floor), Bookcase 5&6, Shelves 33-56, Orange Books 04/25/2024   TAY 550 2024-0519 04/25/2024 1 04/25/2024 Books
    Dewey Decimal Classification     Non-Fiction Footprints International School Library Network Toul Kork Campus Footprints International School Library Network Toul Kork Campus TK Primary Library Room(4th Floor), Bookcase 5&6, Shelves 33-56, Orange Books 04/25/2024   TAY 550 2024-0520 04/25/2024 2 04/25/2024 Books
    Dewey Decimal Classification     Non-Fiction Footprints International School Library Network Toul Kork Campus Footprints International School Library Network Toul Kork Campus TK Primary Library Room(4th Floor), Bookcase 5&6, Shelves 33-56, Orange Books 04/25/2024   TAY 550 2024-0521 04/25/2024 3 04/25/2024 Books